00314nam a22000977a 4500008004100000040005500041245004400096260004800140300001000188500001800198230728b |||||||| |||| 00| 0 eng d aNational Science LibrarycNational Science Library aTransactions of the society of rheology aNew York: bInterscience Publishers, c1965 a426p. aVol. 9 Part 2